| 000 | 00447cam a2200181ua 4500 | ||
|---|---|---|---|
| 020 | _cRs 2.00 | ||
| 041 |
_ahin _h |
||
| 082 |
_a891.54 _bRAV/AN |
||
| 100 | _aRavindranath, Tagore . | ||
| 245 |
_aAnkh ki kirkiri / _cRavindranath Tagore. _hTextual Documents |
||
| 250 |
_a1 / _b. |
||
| 260 |
_a : _bHind Pocket Books Pvt Ltd , _c1962. |
||
| 300 | _a136 ; . | ||
| 365 | _aRs 2.00 | ||
| 504 | _a | ||
| 942 | _cBK | ||
| 999 |
_c3597 _d3597 |
||